[Event "SR 1. liga zapad 2012/2013"]
[Site "?"]
[Date "2013.01.12"]
[Round "5.2"]
[White "Pericka, Tomas"]
[Black "Capak, Stefan"]
[Result "1/2-1/2"]
[WhiteElo "2029"]
[BlackElo "2040"]
[PlyCount "73"]
[EventDate "2012.??.??"]

1. e4 c5 2. Nf3 d6 3. Bb5+ Bd7 4. Bxd7+ Qxd7 5. c4 g6 6. O-O Bg7 7. Nc3 Nc6 8.
Re1 e6 9. d3 Nge7 10. Be3 Nd4 11. Bxd4 cxd4 12. Ne2 e5 13. b4 O-O 14. Qb3 Nc6
15. Rec1 Rfc8 16. Rc2 Rc7 17. Rac1 Bh6 18. Rb1 b6 19. Qa4 Rac8 20. h3 Nb8 21.
Qxd7 Nxd7 22. a4 a6 23. Ra2 Ra7 24. a5 b5 25. cxb5 axb5 26. Ne1 Rac7 27. Rab2
Nb8 28. Nc2 Na6 29. Na3 Rb7 30. Kf1 Kf8 31. Ke1 Ke7 32. Kd1 Ke6 33. Ra1 f5 34.
f3 d5 35. exf5+ gxf5 36. f4 Bg7 37. fxe5 1/2-1/2

[Event "SR 1. liga zapad 2012/2013"]
[Site "?"]
[Date "2013.01.12"]
[Round "5.2"]
[White "Skrabakova, Katarina"]
[Black "Bury, Rastislav"]
[Result "0-1"]
[WhiteElo "1991"]
[BlackElo "2099"]
[PlyCount "66"]
[EventDate "2012.??.??"]

1. e4 c5 2. Nf3 d6 3. d4 cxd4 4. Nxd4 Nf6 5. Nc3 a6 6. Be2 e5 7. Nb3 Be6 8. O-O
d5 9. exd5 Nxd5 10. Ne4 Nb4 11. Qxd8+ Kxd8 12. Bg5+ f6 13. Nxf6 h6 14. Rfd1+
Kc8 15. Ng4 hxg5 16. Nxe5 N8c6 17. Ng6 Rg8 18. Nxf8 Rxf8 19. Nc5 Bf7 20. Bg4+
Kc7 21. Rd7+ Kb6 22. Na4+ Ka5 23. Nc5 Kb6 24. Na4+ Ka7 25. Nc5 Rab8 26. Bf3 Ne5
27. Rxb7+ Rxb7 28. Bxb7 Kb6 29. a3 Nxc2 30. Rc1 Bg6 31. b4 Nd3 32. Nxd3 Bxd3
33. Rd1 Re8 0-1

[Event "SR 1. liga zapad 2012/2013"]
[Site "?"]
[Date "2013.01.12"]
[Round "5.3"]
[White "Danada, Tomas"]
[Black "Beles, Milan"]
[Result "1/2-1/2"]
[WhiteElo "2098"]
[BlackElo "2080"]
[PlyCount "40"]
[EventDate "2012.??.??"]

1. g3 c5 2. Bg2 Nf6 3. c4 d5 4. cxd5 Nxd5 5. Nc3 Nc7 6. Qa4+ Qd7 7. Qxd7+ Nxd7
8. Nf3 e5 9. d3 Be7 10. O-O O-O 11. Be3 Rd8 12. Rfc1 Ne6 13. Ne4 f6 14. Bh3 Nd4
15. Bxd4 cxd4 16. Rc7 Kf8 17. Rac1 Nb6 18. Bxc8 Raxc8 19. Kf1 Rxc7 20. Rxc7 Rd7
1/2-1/2

[Event "SR 1. liga zapad 2012/2013"]
[Site "?"]
[Date "2013.01.12"]
[Round "5.3"]
[White "Janos, Jozef"]
[Black "Syrovy, Ivan"]
[Result "1-0"]
[WhiteElo "2152"]
[BlackElo "2040"]
[PlyCount "111"]
[EventDate "2012.??.??"]

1. e4 c5 2. Nc3 Nc6 3. g3 g6 4. Bg2 Bg7 5. Nge2 a6 6. O-O e6 7. d3 Nge7 8. Be3
d6 9. d4 cxd4 10. Nxd4 O-O 11. Qd2 Ne5 12. Qe2 Qc7 13. Rfd1 Rb8 14. a4 Bd7 15.
Bf1 Bc6 16. f4 Nd7 17. Qd2 d5 18. e5 Nf5 19. Nxf5 gxf5 20. b4 Nb6 21. Bc5 Rfd8
22. Qd4 Nc8 23. b5 b6 24. Ba3 axb5 25. axb5 Bb7 26. Bd3 Bf8 27. Bxf8 Rxf8 28.
Ne2 Qc5 29. Kf2 Ne7 30. Ra7 Rfc8 31. c3 Ng6 32. h3 Nf8 33. Qxc5 Rxc5 34. g4
fxg4 35. hxg4 Bc8 36. Ke3 Bd7 37. Rb1 Be8 38. Kd4 Rbc8 39. Rb7 Nd7 40. f5 R5c7
41. Rxc7 Rxc7 42. Ra1 Rc8 43. Ra7 Nc5 44. fxe6 Nxe6+ 45. Ke3 Nc5 46. Bf5 Ne6
47. Kd2 Rc7 48. Ra8 Re7 49. Nd4 Nxd4 50. cxd4 Kg7 51. Bd3 Bd7 52. g5 Re8 53.
Ra7 Bg4 54. Rb7 Re6 55. Ke3 h5 56. g6 1-0

[Event "SR 1. liga zapad 2012/2013"]
[Site "?"]
[Date "2013.01.12"]
[Round "5.3"]
[White "Karas, Marek"]
[Black "Silhar, Martin"]
[Result "1-0"]
[WhiteElo "1951"]
[BlackElo "1686"]
[PlyCount "59"]
[EventDate "2012.??.??"]

1. d4 Nf6 2. c4 e5 3. dxe5 Ng4 4. Nf3 Bc5 5. e3 Nc6 6. Nc3 Ngxe5 7. Nxe5 Nxe5
8. Be2 d6 9. O-O Be6 10. a3 Nxc4 11. Qa4+ Qd7 12. Qc2 Ne5 13. f4 Ng4 14. Bxg4
Bxg4 15. Qe4+ Qe6 16. Qxb7 O-O 17. Qxc7 Bxe3+ 18. Bxe3 Qxe3+ 19. Kh1 Qc5 20.
Qxc5 dxc5 21. h3 Bf5 22. Rac1 Bd3 23. Rfd1 c4 24. Nd5 Rfd8 25. Ne3 f5 26. Nxc4
Be4 27. Ne5 g6 28. Kg1 a5 29. Rd7 Rxd7 30. Nxd7 1-0

[Event "SR 1. liga zapad 2012/2013"]
[Site "?"]
[Date "2013.01.12"]
[Round "5.3"]
[White "Michal, Silvio"]
[Black "Novak, Ivan"]
[Result "0-1"]
[WhiteElo "2105"]
[BlackElo "2193"]
[PlyCount "62"]
[EventDate "2012.??.??"]

1. d3 d5 2. Nf3 Bg4 3. g3 Bxf3 4. exf3 Nf6 5. Bh3 e6 6. O-O Nbd7 7. d4 Bd6 8.
f4 c5 9. c3 Qb6 10. f5 e5 11. dxe5 Nxe5 12. a4 O-O 13. a5 Qc7 14. Na3 Qxa5 15.
Bf4 Qb6 16. Bg2 Rad8 17. Bg5 Bb8 18. Qa4 h6 19. Bh4 Nd3 20. Rab1 c4 21. Qb5
Qxb5 22. Nxb5 a6 23. Nd4 Be5 24. Nf3 Rfe8 25. Nxe5 Rxe5 26. Bxf6 gxf6 27. b3 b5
28. bxc4 dxc4 29. Bb7 Nc5 30. Bc6 Rd3 31. f4 Ree3 0-1

[Event "SR 1. liga zapad 2012/2013"]
[Site "?"]
[Date "2013.01.12"]
[Round "5.3"]
[White "Schwarz, Dusan"]
[Black "Janos, Ivan"]
[Result "1-0"]
[WhiteElo "2305"]
[BlackElo "2145"]
[PlyCount "79"]
[EventDate "2012.??.??"]

1. d4 Nf6 2. c4 c5 3. d5 e6 4. Nc3 exd5 5. cxd5 g6 6. e4 d6 7. Nge2 Bg7 8. Ng3
O-O 9. Be2 b6 10. O-O Ba6 11. Bg5 Qd7 12. a4 Bxe2 13. Qxe2 h6 14. Bf4 a6 15.
Rad1 Re8 16. Rfe1 Kh7 17. h3 Ra7 18. Qc2 b5 19. e5 dxe5 20. Bxe5 b4 21. Bxf6
Rxe1+ 22. Rxe1 Bxf6 23. Nce4 Bd4 24. Rd1 Qe7 25. Ne2 b3 26. Qd3 Bxb2 27. Qxb3
Rb7 28. Qc2 Bd4 29. Nxd4 cxd4 30. Rxd4 Qe5 31. Rd1 Rb4 32. Ng3 h5 33. d6 Nd7
34. Qc6 Qe6 35. Qxa6 Rb6 36. Qd3 Rb3 37. Qd4 Nf6 38. d7 Nxd7 39. Qxd7 Rb1 40.
Qd3 1-0

[Event "SR 1. liga zapad 2012/2013"]
[Site "?"]
[Date "2013.01.12"]
[Round "5.3"]
[White "Srna, Jan"]
[Black "Krajnak, Robert"]
[Result "1/2-1/2"]
[WhiteElo "1984"]
[BlackElo "2075"]
[PlyCount "43"]
[EventDate "2012.??.??"]

1. d4 Nf6 2. Nf3 c5 3. e3 e6 4. a3 b6 5. b3 Be7 6. Bb2 O-O 7. c4 d5 8. Bd3 Nc6
9. O-O Ba6 10. Nbd2 Rc8 11. Rc1 Rc7 12. Qe2 Qc8 13. Rfe1 Rd8 14. Rc2 Qd7 15.
Rec1 Qe8 16. h3 Qf8 17. Qe1 cxd4 18. exd4 Bxa3 19. Bxa3 Qxa3 20. Bxh7+ Nxh7 21.
cxd5 Rxd5 22. Rxc6 1/2-1/2

[Event "SR 1. liga zapad 2012/2013"]
[Site "?"]
[Date "2013.01.12"]
[Round "5.3"]
[White "Tibensky, Robert"]
[Black "Lipka, Juraj"]
[Result "1/2-1/2"]
[WhiteElo "2396"]
[BlackElo "2441"]
[PlyCount "31"]
[EventDate "2012.??.??"]

1. d4 e6 2. c4 b6 3. Nf3 Bb7 4. g3 Bb4+ 5. Bd2 Bxf3 6. exf3 Bxd2+ 7. Qxd2 d5 8.
Nc3 Ne7 9. cxd5 exd5 10. Bh3 O-O 11. O-O c6 12. Rac1 Qd6 13. Ne2 a5 14. Rc3 Na6
15. Rfc1 Nc7 16. Nf4 1/2-1/2

[Event "SR 1. liga zapad 2012/2013"]
[Site "?"]
[Date "2013.01.12"]
[Round "5.3"]
[White "Zatko, Gregor"]
[Black "Kaniansky, Miroslav"]
[Result "1/2-1/2"]
[WhiteElo "2148"]
[BlackElo "2209"]
[PlyCount "49"]
[EventDate "2012.??.??"]

1. Nf3 f5 2. d3 Nf6 3. e4 d6 4. Nc3 e5 5. exf5 Bxf5 6. d4 e4 7. Nh4 Qd7 8. Nxf5
Qxf5 9. Be2 d5 10. O-O Bb4 11. f3 Bxc3 12. bxc3 O-O 13. Rb1 b6 14. fxe4 Qxe4
15. c4 Nc6 16. Rf4 Qe6 17. Rb3 Na5 18. cxd5 Nxd5 19. Rxf8+ Rxf8 20. Bg4 Qe4 21.
Rf3 Nc6 22. Rxf8+ Kxf8 23. Bb2 Qe3+ 24. Kf1 Nf6 25. Bf3 1/2-1/2

[Event "SR 1. liga zapad 2012/2013"]
[Site "?"]
[Date "2013.01.12"]
[Round "5.4"]
[White "Bezuch, Martin"]
[Black "Peitl, Tomas"]
[Result "1/2-1/2"]
[WhiteElo "2291"]
[BlackElo "2220"]
[PlyCount "35"]
[EventDate "2012.??.??"]

1. Nf3 Nf6 2. g3 c5 3. Bg2 Nc6 4. d3 g6 5. O-O Bg7 6. e4 d6 7. c3 O-O 8. Re1 e5
9. Nbd2 Qc7 10. a4 Bd7 11. Nc4 b6 12. Bd2 a6 13. Na3 Rab8 14. b4 b5 15. axb5
axb5 16. Qb3 cxb4 17. cxb4 Be6 18. Qb2 1/2-1/2

[Event "SR 1. liga zapad 2012/2013"]
[Site "?"]
[Date "2013.01.12"]
[Round "5.4"]
[White "Certek, Pavel"]
[Black "Castiglione, Mario"]
[Result "0-1"]
[WhiteElo "2315"]
[BlackElo "2282"]
[PlyCount "76"]
[EventDate "2012.??.??"]

1. d4 Nf6 2. c4 b6 3. Nf3 e6 4. e3 Bb7 5. Bd3 g5 6. O-O g4 7. Nfd2 Nc6 8. Nc3
h5 9. Re1 h4 10. a3 Bd6 11. Nf1 g3 12. fxg3 hxg3 13. hxg3 Qe7 14. b4 O-O-O 15.
b5 Nb8 16. e4 Rdg8 17. e5 Ng4 18. exd6 Qf6 19. Be3 Nf2 20. Bxf2 Qh6 21. Nh2
Qxh2+ 22. Kf1 Qxg2+ 23. Ke2 Bf3+ 24. Ke3 Bxd1 25. Raxd1 f5 26. Rg1 Qh2 27. dxc7
f4+ 28. gxf4 Kxc7 29. Be4 Rh3+ 30. Bf3 Rg2 31. Ne4 d5 32. Rxg2 Qxg2 33. Ng5
Rxf3+ 34. Nxf3 Qg6 35. Ng5 Qc2 36. Rd2 Qc3+ 37. Rd3 Qc1+ 38. Kf3 dxc4 0-1

[Event "SR 1. liga zapad 2012/2013"]
[Site "?"]
[Date "2013.01.12"]
[Round "5.4"]
[White "Dolnak, Michal"]
[Black "Kolcak, Marek"]
[Result "1-0"]
[WhiteElo "2115"]
[BlackElo "2167"]
[PlyCount "89"]
[EventDate "2012.??.??"]

1. d4 d5 2. Nf3 Nf6 3. c4 dxc4 4. e3 e6 5. Bxc4 c5 6. O-O a6 7. Qe2 b5 8. Bd3
Bb7 9. e4 cxd4 10. Bg5 Be7 11. Nbd2 Nc6 12. a4 b4 13. Nc4 h6 14. Bh4 Nh5 15.
Bxe7 Qxe7 16. e5 O-O 17. Qd2 f5 18. Be2 Rad8 19. Ne1 Qh4 20. Nd3 f4 21. Bf3 Rf5
22. Nc5 Na5 23. Nxb7 Nxc4 24. Qe2 d3 25. Qd1 Rd5 26. Bxd5 exd5 27. Qxd3 Rg5 28.
Qxd5+ Kh7 29. Qe4+ Rg6 30. Rfd1 Nxe5 31. Rd6 Qg5 32. Rxg6 Nxg6 33. Nd6 Nf6 34.
Qf5 Qxf5 35. Nxf5 Ne5 36. Rd1 Kg6 37. Ne7+ Kf7 38. Nd5 Nxd5 39. Rxd5 Ke6 40.
Ra5 Nd3 41. Rxa6+ Kd5 42. Rb6 Kc5 43. Rb8 Nxb2 44. a5 Na4 45. a6 1-0

[Event "SR 1. liga zapad 2012/2013"]
[Site "?"]
[Date "2013.01.12"]
[Round "5.4"]
[White "Havlicek, Libor"]
[Black "Zetocha, Claudiu"]
[Result "0-1"]
[WhiteElo "2299"]
[BlackElo "2360"]
[PlyCount "100"]
[EventDate "2012.??.??"]

1. d4 e6 2. Nf3 c5 3. g3 cxd4 4. Nxd4 a6 5. Bg2 Nf6 6. O-O Be7 7. c4 O-O 8. Nc3
Qc7 9. Be3 d6 10. Rc1 Nbd7 11. h3 Ne5 12. Na4 Nfd7 13. f4 Nc6 14. a3 Nxd4 15.
Bxd4 Rb8 16. Ba7 Ra8 17. Qd4 Bf6 18. Qe3 Qa5 19. b3 Rxa7 20. Qxa7 Nc5 21. Nxc5
dxc5 22. e3 h5 23. Rfd1 g6 24. Rc2 e5 25. Re2 exf4 26. gxf4 Kg7 27. Rd5 Qxa3
28. Qxc5 Qxb3 29. Rd6 Be6 30. Kh2 Rc8 31. Qb6 Qxc4 32. Bf3 Be7 33. Qb2+ Kg8 34.
Rb6 Rc7 35. Bxb7 Bc5 36. Bxa6 Qd5 37. Rb8+ Bf8 38. Rd2 Qf5 39. Qa3 Qxh3+ 40.
Kg1 Rc1+ 41. Qxc1 Qxe3+ 42. Kg2 Bd5+ 43. Rxd5 Qxc1 44. Rc8 Qb2+ 45. Kf3 Kg7 46.
Rd7 Qa3+ 47. Bd3 Bd6 48. Ke3 Bxf4+ 49. Ke4 Qa4+ 50. Rd4 f5+ 0-1

[Event "SR 1. liga zapad 2012/2013"]
[Site "?"]
[Date "2013.01.12"]
[Round "5.4"]
[White "Lakatos, Vladimir"]
[Black "Chlpik, Martin"]
[Result "1-0"]
[WhiteElo "2155"]
[BlackElo "2099"]
[PlyCount "137"]
[EventDate "2012.??.??"]

1. c4 Nf6 2. Nc3 g6 3. g3 Bg7 4. Bg2 O-O 5. d4 d6 6. e3 Nbd7 7. Nge2 e5 8. O-O
Re8 9. b3 c6 10. Ba3 Qc7 11. Rc1 Nf8 12. Qc2 Bf5 13. e4 Bg4 14. d5 c5 15. h3
Bd7 16. Rce1 a6 17. Bc1 b5 18. Bd2 b4 19. Nd1 a5 20. f4 a4 21. fxe5 axb3 22.
axb3 dxe5 23. Bg5 Ra6 24. Qd2 Rea8 25. Nc1 Nh5 26. Qf2 f6 27. Be3 Ra5 28. Nd3
Rc8 29. g4 Nf4 30. Nxf4 exf4 31. Bxf4 Qa7 32. e5 Ra2 33. Qf3 fxe5 34. Bxe5 Be8
35. Bxg7 Qxg7 36. Re2 Ra3 37. Rfe1 Qf7 38. Qd3 Ba4 39. Rb2 Re8 40. Rf1 Qg7 41.
Qb1 Qd4+ 42. Kh1 Bd7 43. Qc1 Rea8 44. Qf4 Qxf4 45. Rxf4 Ra1 46. Rf1 R8a2 47.
Rxa2 Rxa2 48. Rf2 Ra3 49. Rb2 Ra1 50. Bf3 Kg7 51. Kg2 Kf6 52. Nf2 Ke5 53. Re2+
Kd4 54. Re7 Ra2 55. Kg3 Ra3 56. Bd1 h6 57. Re4+ Kc3 58. Rf4 Ra8 59. Kf3 Rd8 60.
Ke3 Re8+ 61. Ne4+ Kb2 62. Kd2 g5 63. Rf2 Ng6 64. Nxc5 Ne5 65. Bc2 Bxg4 66. hxg4
Nxg4 67. Nd3+ Ka2 68. Rf7 Ra8 69. Nxb4+ 1-0

[Event "SR 1. liga zapad 2012/2013"]
[Site "?"]
[Date "2013.01.12"]
[Round "5.4"]
[White "Ruckschloss, Karol"]
[Black "Hacik, Radomir"]
[Result "1/2-1/2"]
[WhiteElo "2242"]
[BlackElo "2185"]
[PlyCount "64"]
[EventDate "2012.??.??"]

1. c4 e5 2. Nc3 Nc6 3. g3 g6 4. Bg2 Bg7 5. e3 Nge7 6. Nge2 O-O 7. d4 exd4 8.
exd4 d6 9. O-O Nf5 10. d5 Ne5 11. b3 Re8 12. Bb2 c5 13. Qd2 a6 14. a4 Qb6 15.
Ra3 a5 16. Nb5 Bd7 17. h3 Re7 18. g4 Bxb5 19. axb5 Nd4 20. Nxd4 cxd4 21. Kh1
Nd7 22. Rd1 d3 23. Bxg7 Kxg7 24. Qb2+ Kg8 25. Rxd3 Rae8 26. Rd2 Nc5 27. b4 axb4
28. Qxb4 Re1+ 29. Kh2 Qd8 30. Rc2 Qe7 31. Qc3 Rd1 32. Rd2 Rxd2 1/2-1/2

[Event "SR 1. liga zapad 2012/2013"]
[Site "?"]
[Date "2013.01.12"]
[Round "5.4"]
[White "Sulek, Viliam"]
[Black "Sosovicka, Juraj"]
[Result "1/2-1/2"]
[WhiteElo "2062"]
[BlackElo "2089"]
[PlyCount "51"]
[EventDate "2012.??.??"]

1. e4 e5 2. Nf3 Nc6 3. Bb5 a6 4. Ba4 Nf6 5. Qe2 b5 6. Bb3 Be7 7. c3 O-O 8. d4
d6 9. h3 Bb7 10. Nbd2 Re8 11. O-O Bf8 12. d5 Ne7 13. a4 Qd7 14. axb5 axb5 15.
Rxa8 Rxa8 16. Nb1 Ng6 17. Re1 h6 18. Na3 c6 19. dxc6 Bxc6 20. Bc2 Qb7 21. Bd2
Re8 22. Bd3 Nf4 23. Bxf4 exf4 24. Nd4 Bxe4 25. Bxe4 Rxe4 26. Qd2 1/2-1/2

[Event "SR 1. liga zapad 2012/2013"]
[Site "?"]
[Date "2013.01.12"]
[Round "5.4"]
[White "Turna, Stefan"]
[Black "Privara, Igor"]
[Result "0-1"]
[WhiteElo "2208"]
[BlackElo "2278"]
[PlyCount "102"]
[EventDate "2012.??.??"]

1. d4 d5 2. c4 e6 3. Nc3 c5 4. e3 Nc6 5. Nf3 Nf6 6. Be2 dxc4 7. Bxc4 a6 8. a4
Be7 9. O-O O-O 10. Qd3 Qc7 11. Rd1 Rd8 12. Qe2 b6 13. h3 Bb7 14. d5 exd5 15.
Nxd5 Nxd5 16. Bxd5 Bf6 17. e4 Nd4 18. Nxd4 Bxd5 19. exd5 Bxd4 20. Qf3 Qb7 21.
Bg5 Rxd5 22. Be3 Rad8 23. Bxd4 Qd7 24. Qb3 b5 25. axb5 axb5 26. Ra5 cxd4 27.
Rd3 h6 28. Qb4 Qf5 29. Qd2 Qe4 30. Ra1 Rg5 31. g3 Rgd5 32. Re1 Qf5 33. Kg2 Re5
34. Rd1 Qe4+ 35. Kg1 Red5 36. Re1 Qf5 37. Kg2 R8d6 38. Rf3 Qg6 39. Rf4 d3 40.
Re8+ Kh7 41. Rg4 Qf6 42. Re3 Rd4 43. Rge4 Rxe4 44. Rxe4 Qf5 45. Re3 b4 46. Re1
Rc6 47. Qxb4 Rc2 48. Qd4 Qb5 49. b4 d2 50. Re5 Qxe5 51. Qd3+ f5 0-1

[Event "SR 1. liga zapad 2012/2013"]
[Site "?"]
[Date "2013.01.12"]
[Round "5.4"]
[White "Valent, Ivan"]
[Black "Petran, Peter"]
[Result "0-1"]
[WhiteElo "2228"]
[BlackElo "2277"]
[PlyCount "62"]
[EventDate "2012.??.??"]

1. e4 g6 2. d4 Bg7 3. Nf3 d6 4. Nc3 Nf6 5. Be2 O-O 6. O-O Bg4 7. Be3 Nc6 8. h3
Bxf3 9. Bxf3 Nd7 10. Ne2 e5 11. c3 Nb6 12. Qb3 exd4 13. cxd4 a5 14. a4 Nb4 15.
Nc3 c6 16. Na2 Nxa2 17. Qxa2 d5 18. e5 f6 19. exf6 Bxf6 20. b3 Nc8 21. Qd2 Nd6
22. Rae1 Qb6 23. Qd3 Rae8 24. Bg4 Bg7 25. Kh1 Re4 26. f3 Ree8 27. Bf2 Qb4 28.
Be6+ Kh8 29. Bg3 Re7 30. Re2 Ne8 31. Rfe1 Bf6 0-1

[Event "SR 1. liga zapad 2012/2013"]
[Site "?"]
[Date "2013.01.12"]
[Round "5.5"]
[White "Baranek, Jozef"]
[Black "Barczi, Tibor"]
[Result "1/2-1/2"]
[WhiteElo "2131"]
[BlackElo "2070"]
[PlyCount "69"]
[EventDate "2012.??.??"]

1. Nf3 Nf6 2. g3 g6 3. c4 c5 4. Bg2 Nc6 5. O-O Bg7 6. d4 cxd4 7. Nxd4 Nxd4 8.
Qxd4 O-O 9. Nc3 d6 10. Qh4 Re8 11. Bh6 Bh8 12. Bd2 Qb6 13. b3 Bd7 14. Rab1 Bc6
15. e4 Qd4 16. Rfd1 h5 17. Be1 Qc5 18. Nd5 Bxd5 19. cxd5 Qc2 20. a4 Ng4 21. Qg5
Rac8 22. h3 Nf6 23. Qd2 Rc5 24. f3 Nd7 25. Bf2 Rc3 26. Qxc2 Rxc2 27. Rdc1 Rec8
28. Rxc2 Rxc2 29. Bf1 b6 30. b4 Bc3 31. a5 Ne5 32. Bg2 Nd3 33. axb6 axb6 34.
Bxb6 Nxb4 35. Bf1 1/2-1/2

[Event "SR 1. liga zapad 2012/2013"]
[Site "?"]
[Date "2013.01.12"]
[Round "5.5"]
[White "Dolnik, Attila"]
[Black "Bottyan, Peter"]
[Result "1/2-1/2"]
[WhiteElo "2156"]
[BlackElo "2262"]
[PlyCount "41"]
[EventDate "2012.??.??"]

1. e4 e6 2. d4 d5 3. exd5 exd5 4. Bd3 Nc6 5. c3 Nf6 6. Ne2 Bd6 7. Bf4 Ne7 8.
O-O Bg4 9. f3 Be6 10. Nd2 Nh5 11. Be3 Qd7 12. Qc2 Nf5 13. Bf2 Nf4 14. Nxf4 Bxf4
15. Rfe1 Bxd2 16. Qxd2 O-O-O 17. a4 h5 18. b4 Nd6 19. b5 h4 20. Reb1 Bf5 21. a5
1/2-1/2

[Event "SR 1. liga zapad 2012/2013"]
[Site "?"]
[Date "2013.01.12"]
[Round "5.5"]
[White "Kukel, Imre 1985"]
[Black "Berek, Geza"]
[Result "1-0"]
[WhiteElo "2260"]
[BlackElo "2158"]
[PlyCount "63"]
[EventDate "2012.??.??"]

1. e4 g6 2. d4 Bg7 3. Nf3 d6 4. Bc4 Nf6 5. Qe2 O-O 6. e5 Ne8 7. h3 c5 8. c3 Nc6
9. Bg5 d5 10. Bb3 f6 11. Bh4 cxd4 12. cxd4 g5 13. Bg3 g4 14. hxg4 Bxg4 15. Qe4
f5 16. Qxd5+ Qxd5 17. Bxd5+ Kh8 18. Ng5 h6 19. Ne6 Nxd4 20. Nxf8 Bxf8 21. Bb3
a5 22. f3 f4 23. Bxf4 Bf5 24. Bxh6 Bxh6 25. Rxh6+ Kg7 26. Rb6 a4 27. Bd1 Ra5
28. f4 Be4 29. Rb4 Nc2+ 30. Bxc2 Bxc2 31. Na3 Rc5 32. Rc1 1-0

[Event "SR 1. liga zapad 2012/2013"]
[Site "?"]
[Date "2013.01.12"]
[Round "5.5"]
[White "Nikel, Rastislav"]
[Black "Detko, Jan"]
[Result "0-1"]
[WhiteElo "2073"]
[BlackElo "2163"]
[PlyCount "112"]
[EventDate "2012.??.??"]

1. d4 e6 2. c4 Bb4+ 3. Nc3 c5 4. d5 d6 5. e4 e5 6. Bd3 Bxc3+ 7. bxc3 Ne7 8. Bg5
f6 9. Be3 O-O 10. Ne2 f5 11. f4 fxe4 12. Bxe4 Bf5 13. Bxf5 Nxf5 14. Bf2 e4 15.
O-O Qe7 16. g4 Nh6 17. h3 Nd7 18. Bg3 g6 19. a4 Rae8 20. Nc1 e3 21. Qe2 Qe4 22.
a5 g5 23. Nd3 Qxc4 24. fxg5 Nf7 25. Nf4 Qxe2 26. Nxe2 Nxg5 27. Kg2 Ne4 28. Bf4
Nxc3 29. Nxc3 e2 30. Nxe2 Rxe2+ 31. Kg3 Ne5 32. Bh6 Rf7 33. Rab1 Re4 34. Rxf7
Nxf7 35. Bf4 Rb4 36. Re1 Rb5 37. Re6 c4 38. Bxd6 Rxd5 39. Bb4 Rd3+ 40. Kf4 Rb3
41. Re8+ Kg7 42. Bf8+ Kf6 43. h4 h6 44. Re4 Rb5 45. a6 bxa6 46. Rxc4 Ne5 47.
Ra4 Ng6+ 48. Ke4 Nxf8 49. Rxa6+ Rb6 50. Rxa7 Kg6 51. Ra4 Nh7 52. Ke5 Nf6 53.
Rd4 Rb5+ 54. Ke6 Rb2 55. Rf4 Re2+ 56. Kd6 Re4 0-1

[Event "SR 1. liga zapad 2012/2013"]
[Site "?"]
[Date "2013.01.12"]
[Round "5.5"]
[White "Szaraz, Vojtech"]
[Black "Balogh, Peter"]
[Result "0-1"]
[WhiteElo "1932"]
[BlackElo "2013"]
[PlyCount "50"]
[EventDate "2012.??.??"]

1. e4 e6 2. d3 d5 3. Nd2 c5 4. Ngf3 Nc6 5. g3 Nf6 6. Bg2 Be7 7. O-O d4 8. Re1
e5 9. a4 Nd7 10. Nc4 g5 11. Bh3 h5 12. Nxg5 Bxg5 13. Nd6+ Kf8 14. Bxg5 Qxg5 15.
Nxc8 Rxc8 16. Bxd7 Rc7 17. Bh3 f6 18. Rf1 Rg7 19. Qc1 Nb4 20. f4 exf4 21. Qxf4
Qxf4 22. Rxf4 Ke7 23. Raf1 h4 24. Kg2 Nxc2 25. R1f3 Ne1+ 0-1

[Event "SR 1. liga zapad 2012/2013"]
[Site "?"]
[Date "2013.01.12"]
[Round "5.5"]
[White "Szegi, Tamas"]
[Black "Bagi, Mate"]
[Result "0-1"]
[WhiteElo "2228"]
[BlackElo "2349"]
[PlyCount "42"]
[EventDate "2012.??.??"]

1. d4 Nf6 2. c4 g6 3. Nc3 d5 4. cxd5 Nxd5 5. e4 Nxc3 6. bxc3 Bg7 7. Bc4 c5 8.
Ne2 O-O 9. O-O Nc6 10. Be3 Qc7 11. Rc1 b6 12. f3 Bb7 13. Qe1 Na5 14. Bd3 Rfd8
15. Qf2 Rac8 16. Rfd1 cxd4 17. cxd4 Qd7 18. d5 Qa4 19. Nd4 Nc4 20. Bxc4 Rxc4
21. Rxc4 Qxd1+ 0-1

[Event "SR 1. liga zapad 2012/2013"]
[Site "?"]
[Date "2013.01.12"]
[Round "5.5"]
[White "Voros, Gellert"]
[Black "Bona, Zoltan"]
[Result "1-0"]
[WhiteElo "2042"]
[BlackElo "1948"]
[PlyCount "61"]
[EventDate "2012.??.??"]

1. e4 e5 2. Nc3 Bc5 3. Bc4 d6 4. d3 Nf6 5. Bg5 h6 6. Bh4 Nc6 7. a3 g5 8. Bg3
Bg4 9. f3 Bh5 10. Qd2 Qd7 11. Nge2 a6 12. h4 g4 13. f4 O-O-O 14. O-O-O Kb8 15.
Rdf1 Qe7 16. Bf2 Nd7 17. Bxc5 Nxc5 18. Nd5 Qf8 19. Nf6 Bg6 20. h5 Bh7 21. Nxg4
Qg7 22. Ne3 exf4 23. Rxf4 Ne5 24. Ba2 Ne6 25. Rf2 Ng5 26. Nf5 Bxf5 27. exf5 f6
28. Rhf1 Rhf8 29. Nf4 Rde8 30. Nd5 Nd7 31. Qc3 1-0

[Event "SR 1. liga zapad 2012/2013"]
[Site "?"]
[Date "2013.01.12"]
[Round "5.6"]
[White "Pinter, Patrik"]
[Black "Hudoba, Ondrej"]
[Result "1-0"]
[WhiteElo "2164"]
[BlackElo "2140"]
[PlyCount "81"]
[EventDate "2012.??.??"]

1. e4 e5 2. Nf3 Nc6 3. Bb5 g6 4. O-O Bg7 5. c3 Nge7 6. d4 a6 7. Ba4 b5 8. Bb3
d6 9. dxe5 Nxe5 10. Nxe5 Bxe5 11. Bh6 Ng8 12. Be3 Be6 13. Nd2 h6 14. a4 Rb8 15.
f4 Bg7 16. Bxe6 fxe6 17. Qg4 Kf7 18. f5 exf5 19. exf5 g5 20. axb5 Nf6 21. Qc4+
d5 22. Qc6 Re8 23. Bd4 Qd7 24. Rxa6 Rxb5 25. b4 Qxc6 26. Rxc6 Rb7 27. Nb3 Ne4
28. Bxg7 Kxg7 29. Nd4 Ra7 30. Ne6+ Kf7 31. Rxc7+ Rxc7 32. Nxc7 Rc8 33. Nxd5
Nxc3 34. Nxc3 Rxc3 35. Rb1 Kf6 36. g4 h5 37. gxh5 Kxf5 38. b5 Rc7 39. b6 Rb7
40. Kg2 Kf6 41. Kg3 1-0

[Event "SR 1. liga zapad 2012/2013"]
[Site "?"]
[Date "2013.01.12"]
[Round "5.7"]
[White "Svaralova, Monika"]
[Black "Gazikova, Veronika"]
[Result "1/2-1/2"]
[WhiteElo "2021"]
[BlackElo "2018"]
[PlyCount "163"]
[EventDate "2012.??.??"]

1. d4 Nf6 2. c4 c5 3. d5 b5 4. cxb5 a6 5. bxa6 d6 6. Nc3 Bxa6 7. g3 g6 8. Bg2
Bg7 9. Nf3 O-O 10. Rb1 Nbd7 11. O-O Qc7 12. b3 Rfb8 13. Bb2 Bc8 14. a4 Nb6 15.
Nd2 Bd7 16. Qc2 Ra7 17. Ra1 Rba8 18. Rfc1 c4 19. Nxc4 Nxc4 20. Nb5 Bxb5 21.
axb5 Qb6 22. Rxa7 Qxa7 23. bxc4 Ng4 24. e3 Bxb2 25. Qxb2 Ne5 26. Bf1 Qc5 27.
Kg2 Rb8 28. Qa1 Nd7 29. Rb1 Rc8 30. Qd4 Nb6 31. Qxc5 Rxc5 32. Rb4 Rc8 33. f4
Ra8 34. Rb2 Kf8 35. Kf3 Ke8 36. Ke4 Kd8 37. Kd4 Kc7 38. e4 Ra1 39. Bd3 Na4 40.
Re2 Nc5 41. Bc2 h5 42. e5 Kd7 43. f5 gxf5 44. Bxf5+ Kd8 45. exd6 exd6 46. Ke3
Rf1 47. Rf2 Rc1 48. Rf4 Ke7 49. Rh4 Kf6 50. Rxh5 Rxc4 51. Bh3 Re4+ 52. Kf3 Rb4
53. Bf1 Nd7 54. Rh4 Rb3+ 55. Kf4 Nb6 56. Rh6+ Ke7 57. Rh5 Rc3 58. h4 Rc5 59.
Ke4 Rc1 60. Rf5 Re1+ 61. Kd4 Rd1+ 62. Bd3 Nd7 63. Rf1 Rd2 64. Kc3 Rg2 65. Re1+
Kf6 66. Re3 Rg1 67. Rf3+ Ke7 68. h5 Nf6 69. h6 Rh1 70. h7 Nxh7 71. b6 Nf6 72.
b7 Rh8 73. Re3+ Kd7 74. Bf5+ Kc7 75. Re7+ Kb8 76. Kd4 Rh1 77. Rxf7 Rd1+ 78. Bd3
Nxd5 79. Kxd5 Rxd3+ 80. Kc6 Rc3+ 81. Kd7 Rc7+ 82. Ke6 1/2-1/2

[Event "SR 1. liga zapad 2012/2013"]
[Site "?"]
[Date "2013.01.12"]
[Round "5.8"]
[White "Reisel, Frantisek"]
[Black "Svonavec, Stefan"]
[Result "1-0"]
[WhiteElo "2005"]
[BlackElo "2010"]
[PlyCount "133"]
[EventDate "2012.??.??"]

1. d4 Nf6 2. c4 g6 3. Nc3 d5 4. cxd5 Nxd5 5. Bd2 Nb6 6. Bf4 Bg7 7. e3 O-O 8.
Rc1 c6 9. Nf3 N8d7 10. Be2 Nf6 11. O-O Bf5 12. Ne5 Rc8 13. Nd3 Nbd5 14. Be5 Bh6
15. Kh1 b6 16. Bf3 Nxc3 17. Rxc3 Ne4 18. Rc1 f6 19. Bf4 g5 20. Bg3 Qd7 21. Bxe4
Bxe4 22. f3 Bg6 23. Nf2 Bg7 24. h4 h6 25. hxg5 hxg5 26. Ne4 e6 27. Qa4 Rfd8 28.
Rfd1 a5 29. Qb3 Qd5 30. Qxd5 cxd5 31. Nd6 Rxc1 32. Rxc1 e5 33. Rc6 exd4 34.
exd4 Bb1 35. a3 f5 36. Be5 Bxe5 37. dxe5 d4 38. Rc1 Ba2 39. Rd1 Be6 40. Rxd4 f4
41. g3 fxg3 42. Kg2 Kh7 43. Kxg3 Kg6 44. Rd2 Rh8 45. Rh2 Rf8 46. Rc2 Bd5 47.
Rc3 a4 48. Rd3 Be6 49. Rd4 Bb3 50. f4 gxf4+ 51. Rxf4 Rb8 52. Rf6+ Kg7 53. Nf5+
Kg8 54. Nd4 Ba2 55. Kf4 b5 56. Nc6 Re8 57. Ke4 Kg7 58. Kd4 Bc4 59. Rf2 Re6 60.
Kc5 Rh6 61. Nd4 Rh5 62. Kd6 Rh3 63. e6 Rd3 64. Kc5 Kg6 65. e7 Re3 66. Kd6 Re4
67. Nc6 1-0